Partidos políticos modernos (Record no. 111788)

MARC details
000 -LEADER
campo de control de longitud fija 00783nam a2200217 4500
001 - NÚMERO DE CONTROL
campo de control 111788
003 - IDENTIFICADOR DE NÚMERO DE CONTROL
campo de control ES-MaACL
005 - FECHA Y HORA DE LA ÚLTIMA TRANSACCIÓN
campo de control 20250814230841.0
007 - CAMPO FIJO DE DESCRIPCIÓN FÍSICA--INFORMACIÓN GENERAL
campo de control de longitud fija t|
008 - DATOS DE LONGITUD FIJA--INFORMACIÓN GENERAL
campo de control de longitud fija 061121s1965 sp r ||||1| spa d
100 1# - ENTRADA PRINCIPAL--NOMBRE DE PERSONA
Nombre de persona Neumann, Sigmund.
9 (RLIN) 85451
245 10 - MENCIÓN DEL TÍTULO
Título Partidos políticos modernos
Resto del título : iniciación al estudio comparativo de los sistemas políticos /
Mención de responsabilidad, etc. Sigmund Neumann; colaboradores, Frederick C. Barghoorn [et al.] [Traducción de Jaime de Ojeda].
260 ## - PUBLICACIÓN, DISTRIBUCIÓN, ETC.
Lugar de publicación, distribución, etc. Madrid :
Nombre del editor, distribuidor, etc. Tecnos,
Fecha de publicación, distribución, etc. 1965.
300 ## - DESCRIPCIÓN FÍSICA
Extensión 671 p. ;
Dimensiones 24 cm.
490 1# - MENCIÓN DE SERIE
Mención de serie Ciencias sociales ;
Designación de volumen o secuencia 45
700 1# - ENTRADA AGREGADA--NOMBRE PERSONAL
Nombre de persona Barghoorn, Frederick C.
9 (RLIN) 25640
700 1# - ENTRADA AGREGADA--NOMBRE PERSONAL
Nombre de persona Ojeda, Jaime de.
9 (RLIN) 86603
830 00 - PUNTO DE ACCESO ADICIONAL DE SERIE-TÍTULO UNIFORME
Título uniforme Ciencias sociales
Designación de volumen o secuencia 45
9 (RLIN) 177859
852 ## - LOCALIZACIÓN
Ubicación ES-MaACL
Número de control de estantería C-28454
Sublocalización o colección R.57284
Holdings
Estatus retirado Estado de pérdida Estado de daño No para préstamo Biblioteca de origen Biblioteca actual Ubicación en estantería Fecha de adquisición Fuente de adquisición Total de préstamos Signatura topográfica completa Código de barras Visto por última vez Precio de reemplazo Tipo de ítem Koha
        Biblioteca del Ateneo de Madrid Biblioteca del Ateneo de Madrid Depósito 2 17/01/2008     C-28454 1116612 23/02/2023 23/02/2023 Libro impreso